000 00658cam a2200217 4500500
005 20260405000857.0
041 _afre
042 _adc
100 1 0 _aPastorini, Chiara
_eauthor
245 0 0 _aRaffael Simone : “Les socialistes proposent toujours le sacrifice”
260 _c2010.
500 _a29
690 _aAbondance
690 _aDéclin
690 _aEurope
690 _aRaffael Simone
690 _aSacrifice
690 _aSocialisme
786 0 _nPhilosophie magazine | 36 | 2 | 2010-02-01 | p. 13-14 | 1951-1787
856 4 1 _uhttps://shs.cairn.info/magazine-philosophie-magazine-2010-2-page-13?lang=fr&redirect-ssocas=7080
999 _c2041719
_d2041719